<?xml version="1.0" encoding="UTF-8"?>
<record
    xmlns:xsi="http://www.w3.org/2001/XMLSchema-instance"
    xsi:schemaLocation="http://www.loc.gov/MARC21/slim http://www.loc.gov/standards/marcxml/schema/MARC21slim.xsd"
    xmlns="http://www.loc.gov/MARC21/slim">

  <leader>01112    a2200277   4500</leader>
  <controlfield tag="001">2162214035926813</controlfield>
  <controlfield tag="003">UA-OsUOA</controlfield>
  <controlfield tag="005">20260513125040.0</controlfield>
  <controlfield tag="008">260513b        un ||||| |||| 00| f ukr d</controlfield>
  <datafield tag="020" ind1=" " ind2=" ">
    <subfield code="a">5772007467</subfield>
  </datafield>
  <datafield tag="040" ind1=" " ind2=" ">
    <subfield code="a">UA-OsUOA</subfield>
    <subfield code="b">ukr</subfield>
    <subfield code="c">UA-OsUOA</subfield>
    <subfield code="d">UA-OsUOA</subfield>
  </datafield>
  <datafield tag="041" ind1=" " ind2=" ">
    <subfield code="a">ukr</subfield>
  </datafield>
  <datafield tag="080" ind1=" " ind2=" ">
    <subfield code="a">821.161.2(73)</subfield>
  </datafield>
  <datafield tag="090" ind1=" " ind2=" ">
    <subfield code="a">821.161.2(73)</subfield>
    <subfield code="b">&#x41A;26</subfield>
  </datafield>
  <datafield tag="100" ind1=" " ind2=" ">
    <subfield code="a">&#x41A;&#x430;&#x440;&#x440; &#x414;. &#x414;.</subfield>
    <subfield code="9">25225</subfield>
  </datafield>
  <datafield tag="245" ind1=" " ind2=" ">
    <subfield code="a">&#x411;&#x435;&#x437;&#x442;&#x456;&#x43B;&#x435;&#x441;&#x43D;&#x430; &#x43B;&#x44E;&#x434;&#x438;&#x43D;&#x430;</subfield>
    <subfield code="b">&#x440;&#x43E;&#x43C;&#x430;&#x43D;</subfield>
    <subfield code="c">&#x437; &#x430;&#x43D;&#x433;&#x43B;. &#x43F;&#x435;&#x440;&#x435;&#x43A;&#x43B;. &#x410;&#x43D;&#x434;&#x440;&#x456;&#x439; &#x404;&#x437;&#x441;&#x430;</subfield>
  </datafield>
  <datafield tag="260" ind1=" " ind2=" ">
    <subfield code="b">&#x41C;&#x43E;&#x43B;&#x43E;&#x434;&#x44C;</subfield>
    <subfield code="c">1991</subfield>
    <subfield code="a">&#x41A;&#x438;&#x457;&#x432;</subfield>
  </datafield>
  <datafield tag="300" ind1=" " ind2=" ">
    <subfield code="a">176 &#x441;.</subfield>
  </datafield>
  <datafield tag="490" ind1=" " ind2=" ">
    <subfield code="a">&#x414;&#x435;&#x442;&#x435;&#x43A;&#x442;&#x438;&#x432;-&#x41F;&#x440;&#x438;&#x433;&#x43E;&#x434;&#x438;-&#x424;&#x430;&#x43D;&#x442;&#x430;&#x441;&#x442;&#x438;&#x43A;&#x430;</subfield>
  </datafield>
  <datafield tag="520" ind1=" " ind2=" ">
    <subfield code="a">&#x41E;&#x440;&#x438;&#x433;&#x456;&#x43D;&#x430;&#x43B;&#x44C;&#x43D;&#x430; &#x432;&#x430;&#x440;&#x456;&#x430;&#x446;&#x456;&#x44F; &#x432;&#x438;&#x437;&#x43D;&#x430;&#x43D;&#x43E;&#x433;&#x43E; &#x43C;&#x430;&#x439;&#x441;&#x442;&#x440;&#x430; &#x434;&#x435;&#x442;&#x435;&#x43A;&#x442;&#x438;&#x432;&#x43D;&#x43E;&#x433;&#x43E; &#x436;&#x430;&#x43D;&#x440;&#x443; &#x43D;&#x430; &#x43A;&#x43B;&#x430;&#x441;&#x438;&#x447;&#x43D;&#x443; &#x442;&#x435;&#x43C;&#x443; "&#x432;&#x431;&#x438;&#x441;&#x442;&#x432;&#x43E; &#x443; &#x437;&#x430;&#x43C;&#x43A;&#x43D;&#x435;&#x43D;&#x456;&#x439; &#x43A;&#x456;&#x43C;&#x43D;&#x430;&#x442;&#x456;".</subfield>
  </datafield>
  <datafield tag="651" ind1=" " ind2=" ">
    <subfield code="a">82 &#x41B;&#x456;&#x442;&#x435;&#x440;&#x430;&#x442;&#x443;&#x440;&#x430;. &#x41B;&#x456;&#x442;&#x435;&#x440;&#x430;&#x442;&#x443;&#x440;&#x43E;&#x437;&#x43D;&#x430;&#x432;&#x441;&#x442;&#x432;&#x43E;</subfield>
    <subfield code="9">25226</subfield>
  </datafield>
  <datafield tag="700" ind1="1" ind2=" ">
    <subfield code="a">&#x404;&#x437;&#x441;&#x430; &#x410;.</subfield>
    <subfield code="9">25227</subfield>
  </datafield>
  <datafield tag="942" ind1=" " ind2=" ">
    <subfield code="c">BK</subfield>
    <subfield code="2">udc</subfield>
  </datafield>
  <datafield tag="955" ind1=" " ind2=" ">
    <subfield code="a">3</subfield>
  </datafield>
  <datafield tag="999" ind1=" " ind2=" ">
    <subfield code="c">580695</subfield>
    <subfield code="d">580695</subfield>
  </datafield>
  <datafield tag="952" ind1=" " ind2=" ">
    <subfield code="0">0</subfield>
    <subfield code="1">0</subfield>
    <subfield code="2">udc</subfield>
    <subfield code="4">0</subfield>
    <subfield code="7">0</subfield>
    <subfield code="8">C_Shevchuk_V.</subfield>
    <subfield code="a">101</subfield>
    <subfield code="b">101</subfield>
    <subfield code="d">2026-05-13</subfield>
    <subfield code="e">&#x410;&#x43A;&#x442; &#x2116;24/28.04.2026</subfield>
    <subfield code="g">15.00</subfield>
    <subfield code="i">169930</subfield>
    <subfield code="l">0</subfield>
    <subfield code="o">821.161.2(73) &#x41A;26</subfield>
    <subfield code="p">169930</subfield>
    <subfield code="r">2026-05-13 12:52:34</subfield>
    <subfield code="v">15.00</subfield>
    <subfield code="w">2026-05-13</subfield>
    <subfield code="y">BK</subfield>
  </datafield>
</record>
